Lizards - Sudden Death - Statistics

General Stats
  • This quiz has been taken 185 times
  • The average score is 7 of 20
Answers on the Grid
Answers color-coded by a green-red scale on the quiz's grid according to % correct below.
Geoduck
Shingleback
Sandfish
Desert Spiny Lizard
Tegu
Spectacled Lizard
Racerunner
Agama
Whiptail
Draco
Chameleon
Komodo Dragon
Thorny Devil
Iguana
Leopard Gecko
Blue-Tongued Skink
Nile Monitor
Green Anole
Gila Monster
Bearded Dragon
Basilisk
Sea Dragon
Armadillo
Pangolin
Coelacanth
Fire Salamander
Axolotl
Caiman
Gharial
Tuatara
Tardigrade
Hall Monitor
Nightjar
 
Answer Stats
Answer % Correct
Iguana
63%
Komodo Dragon
59%
Chameleon
55%
Bearded Dragon
53%
Gila Monster
46%
Leopard Gecko
46%
Thorny Devil
41%
Desert Spiny Lizard
38%
Green Anole
33%
Spectacled Lizard
32%
Basilisk
30%
Blue-Tongued Skink
30%
Nile Monitor
28%
Tegu
20%
Agama
17%
Whiptail
17%
Shingleback
16%
Draco
14%
Racerunner
13%
Sandfish
11%
No matching quizzes found
Score Distribution
Percent of People with Each Score
Percentile by Number Answered
Your Score History
You have not taken this quiz